000 00266nam a2200109Ia 4500
008 200302s9999 xx 000 0 und d
100 _aWitold Rybczynski
245 _aThe Perfect House
260 _bLibrary Association Publishing
260 _c2002
300 _a266 P.,
999 _c2306
_d2306